The social impact of a WTO agreement in Indonesia (Record no. 57699)

MARC details
000 -LEADER
fixed length control field 00712nam a2200181 a 4500
008 - FIXED-LENGTH DATA ELEMENTS--GENERAL INFORMATION
fixed length control field 060606s2005 ||||||||||||||||| || u
050 ## - LIBRARY OF CONGRESS CALL NUMBER
Classification number IBRD(08)PRWP/3747
100 ## - MAIN ENTRY--PERSONAL NAME
Personal name Robilliard, Anne-Sophie
245 14 - TITLE STATEMENT
Title The social impact of a WTO agreement in Indonesia
260 ## - PUBLICATION, DISTRIBUTION, ETC.
Place of publication, distribution, etc. Wasington, D. C
Name of publisher, distributor, etc. World Bank
Date of publication, distribution, etc. 2005
300 ## - PHYSICAL DESCRIPTION
Extent 38p;ill.
350 ## - PRICE (NR) (BK AM CF MU VM SE) [OBSOLETE]
Price 0.00
490 ## - SERIES STATEMENT
Series statement World Bank policy research working papers
650 #0 - SUBJECT ADDED ENTRY--TOPICAL TERM
Topical term or geographic name entry element AFRICA--ECONOMIC CONDITIONS
650 ## - SUBJECT ADDED ENTRY--TOPICAL TERM
Topical term or geographic name entry element SOCIAL IMPACT--WTO AGREEMENTS--INDONESIA
700 ## - ADDED ENTRY--PERSONAL NAME
Personal name Robison, Sherman
995 ## - RECOMMENDATION 995 [LOCAL, UNIMARC FRANCE]
-- 0.00
-- CBU-MAIN LIBRARY (Kitwe)
-- 1
-- 0.00
-- 1
-- AVAILABLE
-- Jun 6, 2006
-- International Publications
Holdings
Withdrawn status Lost status Source of classification or shelving scheme Damaged status Not for loan Home library Current library Shelving location Date acquired Total Checkouts Full call number Barcode Date last seen Price effective from Koha item type
          CBU-MAIN LIBRARY, KITWE. CBU-MAIN LIBRARY, KITWE.   11/30/2022   IBRD(08)PRWP/3747 Z03000374 11/30/2022 11/30/2022 MONOGRAPH